Quizzes
Events
Quiz Creation
Community
Videos
Private Events
Remove Ads
Sign In
Join for FREE
Feedback
Dark Mode
Quiz Categories
Sports
Geography
Music
Movies
Television
Just For Fun
Miscellaneous
History
Literature
Language
Science
Gaming
Entertainment
Religion
Holiday
For Kids
Quiz Lab
Recent
Popular Today
Quiz Kudos Today
Editor Picks
Curator Picks
Quizzes by...
Day
Popularity
Type
Ratings
Length
Year
Community
Subscriptions
Recent Discussions
Orange Saloon
Badges
Playlists
Quests
Create
Leaderboards
Showdown
Live 5
Trivia Bingo
Activity
Puzzle Library
Sporcle Events
Private Events
Virtual Trivia
Globe League
Become a Host
Pub Owners
SporcleCon
Opinionation
Our Games
Videos
Blog
Mobile Apps
Partnerships
Remove Ads and Go Orange
Feedback
Language
Vocabulary
Begins and Ends
Definition
Spanish
French
German
Italian
Chinese
Latin
Translation
Japanese
Language
Vocabulary
Begins and Ends
Definition
Spanish
French
German
Italian
Chinese
Latin
Translation
Japanese
Random Quiz
Search Sporcle
×
Quiz Lab
Quiz Lab
Language
Different
Type in answers that appear in a list
Type in answers that appear in a list
Classic
Best Score? Go Orange.
Question Words Stats
Can you name the question words in different languages?
By
theoffice16
10m
72 Questions
138 Plays
138 Plays
138 Plays
Comments
Comments
Give Quiz Kudos
Give Quiz Kudos
-
- Ratings
hide this ad
Replay
Link that replays current quiz
Next Quiz
Link to next quiz in quiz playlist
You Got
0%
They Got
Avg Score
27%
Avg Friend Score
Upgrade to see
Score Distribution
Jump to the score distribution portion of the page
Score
0/72
Timer
10:00
0
Plays Today
Language
Word
% Correct
English
Who
95.7%
English
What
95.7%
English
Where
95.7%
English
Why
95.7%
English
When
94.9%
English
How
94.2%
Spanish
Qué
84.1%
Portuguese
Que
84.1%
French
Qui
79%
Spanish
Porqué
63.8%
Portuguese
Porque
63.8%
Spanish
Donde
60.1%
Latin
Qua
57.2%
Spanish
Quién
49.3%
Spanish
Cuando
45.7%
Spanish
Cómo
45.7%
Portuguese
Como
45.7%
French
Quand
39.9%
French
Où
34.1%
Italian
Quando
32.6%
Portuguese
Quando
32.6%
French
Quoi
29.7%
German
Was
29.7%
French
Pourquoi
27.5%
German
Wo
27.5%
German
Warum
27.5%
German
Wie
27.5%
Dutch
Wie
27.5%
French
Comment
26.8%
German
Wer
25.4%
German
Wenn
23.2%
Italian
Come
22.5%
Italian
Chi
21%
Italian
Dove
18.8%
Italian
Perché
17.4%
Dutch
Wat
15.9%
Language
Word
% Correct
Latin
Quis
15.2%
Swedish
Vem
12.3%
Swedish
Var
12.3%
Portuguese
Quem
11.6%
Swedish
Vad
11.6%
Italian
Che Cosa
10.9%
Swedish
När
10.9%
Swedish
Varför
10.1%
Portuguese
Onde
9.4%
Dutch
Hoe
8.7%
Norwegian
Hvem
8.7%
Norwegian
Hva
8.7%
Romanian
Ce
8.7%
Romanian
Ce
8.7%
Swedish
Hur
8%
Finnish
Mikä
7.2%
Norwegian
Hvorfor
7.2%
Dutch
Waar
6.5%
Norwegian
Når
6.5%
Dutch
Waarom
5.8%
Latin
Quare
5.1%
Latin
Quam
5.1%
Norwegian
Hvordan
5.1%
Dutch
Wanneer
4.3%
Romanian
Cine
2.9%
Latin
Ut
2.2%
Romanian
Cum
2.2%
Finnish
Joka
1.4%
Latin
Quisnam
0.7%
Finnish
Johon
0.7%
Finnish
Jahka
0.7%
Finnish
Hän
0.7%
Finnish
Kiunka
0.7%
Norwegian
Der
0.7%
Romanian
Daca
0.7%
Romanian
Cind
0%
Quiz Playlist
Details
Report
Send in Message
Add To Playlist
Classic:
Type in answers that appear in a list
Last Updated: Feb 16, 2017
Quiz Scoreboard
CHALLENGE
Sign Up to Join the Scoreboard
Show All
Scores
Hide
Comments
May contain spoilers
Recently Published
Movies - When Are They Set?
by FPL_Elf
Movies
5m
Popular People in 1961
by mucciniale
History
6m
1-10 Letter E Words III
by El_Dandy
Language
2m
More to Explore
Quiz From the Vault
Featured Blog Post
Where Did the Easter Bunny Come From?
hide this ad
You Might Also Like...
Tags
Different
Today's Top Quizzes in Language
Browse Language
hide this ad
Today's Top Quizzes in Different
Browse Different
Top Contributed Quizzes in Language
1
Order Up: Top 10 Most Native Spoken Languages
2
1-10 Letter F Words III
3
1-10 Letter G Words III
4
1-10 Letter H Words III
5
1-10 Letter I Words III
6
One Thing in Common: Italy
7
1-10 Letter J Words III
8
Weisst du, aus welchen Sprachen diese Wörter stammen?
9
Hiragana Speed Reading
10
Begins and Ends With AN
Explore More
Trending Topics
Harry Potter
Kpop
NBA
Disney
Anime
Marvel
Crossword
Soccer
Country
Song
Pokémon
NFL
WWE
Puzzle
The Office
hide this ad
More By:
theoffice16
Quiz
Plays
Rating
Category
Featured
Created
100 Greatest Things of the Decade
3,965
2.96
Entertainment
Dec 6, 2009
GLEE Grab Bag
2,764
2.09
Television
Aug 5, 2010
Songs in Glee
1,509
3.17
Television
Dec 26, 2009
Most Watched Youtube Videos (10/12/09)
544
1.71
Miscellaneous
Oct 12, 2009
Top 10s of the Year
440
2.00
Entertainment
Dec 19, 2009
Go to Creator's Profile
Score Distribution
Quiz Creator Spotlight
theoffice16
Follow
Send a Message
Quizzes Created
-
Created Quiz Play Count
-
More By This Creator
Popular Quizzes Today
1
Find the Countries of Europe - No Outlines Minefield
2
Find the US States - No Outlines Minefield
3
The Countries of the World
4
Popular People in 1961
5
US States
6
1-10 Letter E Words III
7
Find the US States
8
One Thing in Common: World Cities II
More Language Quizzes
Double Letter Replacements
Published
Trending Quizzes
Risky Map Clicking: Least Populous States A-Z
1-10 Letter F Words
Humor Books: The Subtitles
1-10 Letter G Words
One Thing in Common: United Kingdom
Recently Updated
Leaping Animals
pecheneg
Reality TV Shows (A-Z)
bhenderson79
Rickey Henderson's Hall of Fame Teammates
pecheneg
Champions League XIs: Arsenal
pecheneg
Quick Pick: Celebrities in WWE's Hall of Fame
aduchscher
A-Z Keypad Blitz II
pecheneg
Multiple Oscar Actors
pecheneg
Mystery Phrase Blitz: Oscar 'Best Actors'
pecheneg
F. Scott Fitzgerald Novels
LTH
Pick 3 Villains
ddd62291
Trending Topics
Marvel
Crossword
Anime
Disney
NBA
Kpop
Harry Potter
NFL
Country
Pokémon
Puzzle
The Office
Soccer
WWE
Song
Your Account Isn't Verified!
In order to create a playlist on Sporcle, you need to verify the email address you used during registration. Go to your
Sporcle Settings
to finish the process.
Report this User
Report this user for behavior that violates our
Community Guidelines
.
Details:
Send Report
Go to the Sporcle.com Mobile Site →
Comments